000 01455nab a2200265 i 4500
001 BPP
003 BPK
005 20190618142959.0
008 140522s1989 pl f |000 0 pol
040 _cBPK
080 _a669.017
080 _a621.78
080 _a543.5
100 _aMYŚLIŃSKI, Piotr.
_d1970 - 1996.
_bWyższa Szkoła Inżynierska w Koszalinie - Wydział Mechaniczny,
_cZakład Fizyki
245 _aTermoanalizator DTA-TMA-TMAG-T 1100 stopni C do badań metali i ich stopów w stanie stałym /
_cPiotr Myśliński, Witold Precht, Jan Staśkiewicz.
260 _c1989.
500 _aDane z autopsji.
520 _aW niniejszym opracowaniu przedstawiona jest koncepcja nowego typu termoizolatora służącego do badań metali i stopów, głównie ferromagnetycznych, przy pomocy trzech analiz termicznych: DTA, TMA i TMAG w sposób jednoczesny. Urządzenie takie zostało zbudowane w Wyższej Szkole Inżynierskiej w Koszalinie.
650 0 _aStopy (metalurg.).
650 0 _aMetale
700 _aPRECHT, Witold.
_d1973 - 1996.
_bWyższa Szkoła Inżynierska w Koszalnie - Wydział Mechaniczny,
_cKatedra Inżynierii Materiałowej
700 _aSTAŚKIEWICZ, Jan.
_d1973 - 1996.
_bWyższa Szkoła Inżynierska w Koszalinie - Wydział Mechaniczny,
_cZakład Fizyki Ciała Stałego
773 _iW :
_tMetaloznawstwo Obróbka Cieplna i Inżynieria Powierzchni. -
_g1989, R. 17, nr 99-100, s. 34-36
942 _cART
_2UKD
999 _c3570
_d3570